000 00335nam a22001337a 4500
999 _c15505
_d15505
003 OSt
008 180814b ||||| |||| 00| 0 eng d
082 _a692.5
_bJOH/QU
100 _aJohn, F.L.D
_93270
245 _aQuantities & estimating for building technicians
260 _aLondon
_bE & F.N Spon
_c1958
300 _a140
942 _cBK